Pays membres de la Zone Euro - Statistiques

Statistiques générales
  • Ce quiz a été pris 946 fois
  • Le résultat moyen est 18 sur 20
Statistiques - réponses
Réponse % Correct
France
100%
Allemagne
98%
Espagne
98%
Belgique
96%
Portugal
96%
Italie
93%
Autriche
90%
Pays Bas
89%
Estonie
88%
Lettonie
88%
Luxembourg
88%
Lituanie
87%
Slovenie
87%
Croatie
86%
Finlande
86%
Grèce
86%
Slovaquie
85%
Irlande
83%
Malte
79%
Chypre
71%
Aucun quiz correspondant
Distribution des résultats
% des personnes avec chaque résultat
Percentile par nombre de réponses
Votre historique - résultats
Vous n’avez pas pris ce quiz